000 00603nam a22002177a 4500
003 LK-CoMWRAF
005 20231004113842.0
008 230921b1987 |||||||| |||| 00| 0 eng d
020 _a0883444070
040 _aLK-CoMWRAF
_dLK-CoMWRAF
_eLK-CoMWRAF
041 _aeng
082 _a230.089
_bGUE
100 _aGuerrero, Andres G.
245 _aA Chicano theology
260 _aMaryknoll, N.Y. :
_bOrbis books,
_c1987
300 _av,186p.
650 _aLiberation theology
650 _aMexican Americans -- Social conditions
650 _aMexican Americans -- Religion; Guadalupe
942 _cBK
999 _c3595
_d3595